000
00400nam a2200133Ia 4500
008
151001s9999||||xx |||||||||||||| ||und||
100
_a
सुमन क्षेत्रमाडे
245
_a
रामावतार त्यागी
250
_a
1
260
_b
मनोविकास प्रकाशन पुणे
260
_c
1986
300
_a
112
365
_b
18
999
_c
969528
_d
969525